The practice of everyday life / (Record no. 6589)

MARC details
000 -LEADER
fixed length control field 01669nam a2200253 4500
001 - CONTROL NUMBER
control field 7683
003 - CONTROL NUMBER IDENTIFIER
control field OCoLC
005 - DATE AND TIME OF LATEST TRANSACTION
control field 20181127184133.0
008 - FIXED-LENGTH DATA ELEMENTS--GENERAL INFORMATION
fixed length control field 900605c19881984cau b s000 0 eng d
020 ## - INTERNATIONAL STANDARD BOOK NUMBER
International Standard Book Number 0520236998
International Standard Book Number 9780520236998
100 1# - MAIN ENTRY--PERSONAL NAME
Personal name Certeau, Michel de.
240 00 - UNIFORM TITLE
Uniform title Arts de faire.
Language of a work English.
245 14 - TITLE STATEMENT
Title The practice of everyday life /
Statement of responsibility, etc. Michel de Certeau ; translated by Steven Rendall.
260 ## - PUBLICATION, DISTRIBUTION, ETC.
Place of publication, distribution, etc. Berkeley :
Name of publisher, distributor, etc. University of California Press,
Date of publication, distribution, etc. 1988, c1984.
300 ## - PHYSICAL DESCRIPTION
Extent xxiv, 229 p. ;
Dimensions 24 cm.
500 ## - GENERAL NOTE
General note ""First paperback printing""--Verso of t.p.
General note Translation of: Arts de faire.
504 ## - BIBLIOGRAPHY, ETC. NOTE
Bibliography, etc. note Includes bibliographical references.
505 ## - FORMATTED CONTENTS NOTE
Formatted contents note Preface General Introduction PART I: A VERY ORDINARY CULTURE I. A Common Place: Ordinary Language II. Popular Cultures: Ordinary Language III. Making Do: Uses and Tactics PART II: THEORIES OF THE ART OF PRACTICE IV. Foucault and Bourdieu V. The Arts of Theory VI. Story Time PART III: SPATIAL PRACTICES VII. Walking in the City VIII. Railway Navigation and Incarceration IX. Spatial Stories PART IV: Uses of Language X. The Scriptural Economy XI. Quotations of Voices XII. Reading as Poaching PART V: WAYS OF BELIEVING XIII. Believing and Making People Believe XIV. The Unnamable Indeterminate Notes
Miscellaneous information
Statement of responsibility
Title
520 ## - SUMMARY, ETC.
Summary, etc. Considers the uses to which social representation and modes of social behavior are put by individuals and groups, describing the tactics available to the common man for reclaiming his own autonomy from the all-pervasive forces of commerce, politics, and culture.
650 #0 - SUBJECT ADDED ENTRY--TOPICAL TERM
Topical term or geographic name entry element Social history.
Holdings
Withdrawn status Lost status Source of classification or shelving scheme Damaged status Not for loan Collection code Home library Current library Shelving location Date acquired Serial Enumeration / chronology Inventory number Total Checkouts Full call number Barcode Date last seen Date last checked out Price effective from Koha item type
    Dewey Decimal Classification     Main TEST RTC Library RTC Library Main opac 12/01/2022 11635 1 306 CER 30012321 11/09/2023 31/08/2023 27/11/2018 Main
Royal Thimphu College || All Right Reserved